Leyes hipotecarias
Na minha lista:
| Autor principal: | |
|---|---|
| Formato: | Livro |
| Idioma: | espanhol |
| Publicado em: |
Pamplona
Aranzadi
1992
|
| Assuntos: | |
| Tags: |
Adicionar Tag
Sem tags, seja o primeiro a adicionar uma tag!
|
MARC
| LEADER | 00000cam a2200000 a 4500 | ||
|---|---|---|---|
| 001 | UCF2103 | ||
| 003 | CL-VaPUC | ||
| 008 | 120810e19920000SP |||||||||||||||||spa|d | ||
| 020 | |a 8470167642 | ||
| 082 | 0 | 4 | |a 346.074 |b SAN |2 21 |
| 100 | 0 | |a Sánchez-Cañete, Buenaventura Camy |e author |9 563708 | |
| 245 | 1 | 0 | |a Leyes hipotecarias |
| 300 | |a 758 p | ||
| 942 | |c BK | ||
| 945 | |d 20120810 00:00:00 |a dcastane | ||
| 260 | |a Pamplona |b Aranzadi |c 1992 | ||
| 650 | 0 | |a Hipoteca |9 255780 | |
| 650 | 7 | |a LEGISLACION |2 CL-VaPUC |9 563709 | |
| 650 | 0 | |a Bienes muebles |9 380927 | |
| 650 | 7 | |a HIPOTECA NAVAL |2 CL-VaPUC |9 430743 | |
| 650 | 0 | |a Derecho mercantil |9 371888 | |
| 651 | 0 | |a España |9 254926 | |
| 583 | |a last modification |c 20120810 11:35:00 |k Rodrigo Vera | ||
| 999 | |c 348755 |d 348753 | ||
| 952 | |0 0 |1 0 |4 0 |6 346_074000000000000_SAN_1992 |7 0 |8 A |9 450926 |a BIBDER |b BIBDER |d 2019-11-22 |i 4857550 |o 346.074 SAN 1992 |p 4857550 |r 2023-01-25 |w 2019-11-22 |y BK |k DER | ||